[Event "Espirito Santo-ch"]
[Site "Vitoria"]
[Date "2016.11.??"]
[Round "1"]
[White "Cantarino Neto, Mario Ribeiro"]
[Black "Souza, Antonio Inacio De"]
[Result "1-0"]
[WhiteElo "2033"]
[BlackElo "1822"]
[PlyCount "105"]
[EventDate "2016.11.18"]
[EventType "swiss"]
[EventRounds "5"]
[EventCountry "BRA"]
[SourceTitle "EXT 2022"]
[Source "ChessBase"]
[SourceDate "2021.10.06"]
[SourceVersion "1"]
[SourceVersionDate "2021.10.06"]
[SourceQuality "1"]

1. d4 Nf6 2. c4 e6 3. Nf3 d5 4. Nc3 Be7 5. Bg5 0-0 6. e3 c5 7. cxd5 cxd4 8. Nxd4 Nxd5 9. Bxe7 Nxe7 10. Be2 Qa5 11. 0-0 e5 12. Nb3 Qb6 13. e4 Rd8 14. Qc1 Na6 15. Qg5 f6 16. Bc4+ Be6 17. Bxe6+ Qxe6 18. Qg3 b6 19. Rad1 Nb4 20. Nb5 Qc6 21. Nc3 Qc4 22. f4 exf4 23. Qxf4 Nd3 24. Qg3 Ng6 25. h4 Nxb2 26. Rxd8+ Rxd8 27. h5 Qd3 28. Rf3 Ne5 29. Rxd3 Rxd3 30. Qf2 Nd1 31. Qc2 Nxc3 32. Nd2 Re3 33. Kf1 Nd3 34. Nf3 Nxe4 35. Qc8+ Kf7 36. Qc7+ Kf8 37. Kg1 Ndf2 38. Qd8+ Kf7 39. Qd7+ Kf8 40. Kh2 Rd3 41. Nd4 Ng4+ 42. Qxg4 Rxd4 43. Qc8+ Ke7 44. Qb7+ Ke6 45. Qxa7 Rd5 46. Qxb6+ Nd6 47. Qb3 Ke5 48. a4 Rd4 49. Kg1 Ke4 50. Qf3+ Ke5 51. a5 Nc4 52. a6 Rf4 53. Qc3+ 1-0

[Event "Joao Pessoa Fischer Memorial 7th"]
[Site "Joao Pessoa"]
[Date "2016.03.11"]
[Round "2"]
[White "Cantarino Neto, Mario Ribeiro"]
[Black "Passos Coutinho, Eduardo"]
[Result "1/2-1/2"]
[WhiteElo "2043"]
[BlackElo "1779"]
[PlyCount "78"]
[EventDate "2016.03.11"]
[EventType "swiss"]
[EventRounds "6"]
[EventCountry "BRA"]
[SourceTitle "CBM 171 Extra"]
[Source "ChessBase"]
[SourceDate "2016.04.26"]
[SourceVersion "1"]
[SourceVersionDate "2016.04.26"]
[SourceQuality "1"]

1. d4 Nf6 2. c4 e6 3. Nf3 b6 4. g3 Bb7 5. Bg2 Bb4+ 6. Bd2 Bxd2+ 7. Nbxd2 0-0 8. 0-0 d6 9. Qc2 Nbd7 10. e4 e5 11. b4 Qe7 12. d5 a5 13. a3 g6 14. Ne1 axb4 15. Nd3 bxa3 16. Ra2 Ra7 17. Rfa1 Rfa8 18. Nb1 Ng4 19. h3 Nh6 20. Nxa3 f5 21. Nb5 Rxa2 22. Rxa2 Nf6 23. Rxa8+ Bxa8 24. Qa4 Qd8 25. exf5 Nxf5 26. Nxc7 Qxc7 27. Qxa8+ Kf7 28. Qa2 Nd4 29. c5 bxc5 30. Nxe5+ Kf8 31. Qa8+ Kg7 32. Nc4 Qe7 33. Qa5 Kf7 34. Qd2 Ne8 35. Kh2 Kg7 36. Qe3 Qxe3 37. fxe3 Nb5 38. g4 h6 39. Kg3 Kf6 1/2-1/2

[Event "Sao Paulo Seniors-ch"]
[Site "Sao Paulo"]
[Date "2015.12.10"]
[Round "1"]
[White "Leite, Tarcisio Dantas Fro"]
[Black "Cantarino Neto, Mario Ribeiro"]
[Result "0-1"]
[WhiteElo "1686"]
[BlackElo "2016"]
[PlyCount "46"]
[EventDate "2015.12.10"]
[EventType "swiss"]
[EventRounds "7"]
[EventCountry "BRA"]
[SourceTitle "EXT 2017"]
[Source "ChessBase"]
[SourceDate "2016.10.25"]
[SourceVersion "1"]
[SourceVersionDate "2016.10.25"]
[SourceQuality "1"]

1. e4 e5 2. Nf3 Nc6 3. Bc4 Nf6 4. Ng5 d5 5. exd5 Nd4 6. d6 Qxd6 7. h3 Qc6 8. d3 Qxg2 9. Rf1 h6 10. c3 hxg5 11. cxd4 Bxh3 12. Qe2 Qxf1+ 13. Qxf1 Bxf1 14. Kxf1 Rh1+ 15. Ke2 Rxc1 16. dxe5 Nd7 17. e6 fxe6 18. Bxe6 Nc5 19. Bf5 Bd6 20. b4 Na4 21. d4 Ke7 22. Kf3 Rf8 23. Kg4 Rg1+ 0-1

[Event "Blumenau Region-ch sf"]
[Site "Blumenau"]
[Date "2015.11.02"]
[Round "7"]
[White "Librelato, Kathie Goulart"]
[Black "Cantarino Neto, Mario Ribeiro"]
[Result "1/2-1/2"]
[WhiteElo "2024"]
[BlackElo "2037"]
[PlyCount "121"]
[EventDate "2015.10.30"]
[EventType "swiss"]
[EventRounds "7"]
[EventCountry "BRA"]
[SourceTitle "CBM 169 Extra"]
[Source "ChessBase"]
[SourceDate "2015.12.18"]
[SourceVersion "1"]
[SourceVersionDate "2015.12.18"]
[SourceQuality "1"]

1. e4 e5 2. Nf3 Nc6 3. Bb5 a6 4. Ba4 Nf6 5. 0-0 Be7 6. Re1 d6 7. c3 b5 8. Bb3 0-0 9. h3 Na5 10. Bc2 c5 11. d4 Qc7 12. Nbd2 Nc6 13. Nb3 cxd4 14. cxd4 Nxd4 15. Nbxd4 exd4 16. Nxd4 Nd7 17. Nf5 Bf6 18. Nxd6 Ne5 19. Nf5 Rd8 20. Qe2 Be6 21. Ne3 Nc4 22. Bb3 g6 23. a4 Rac8 24. axb5 axb5 25. Nxc4 bxc4 26. Bc2 c3 27. Ba4 Bc4 28. Qf3 Be5 29. bxc3 Rd3 30. Re3 Rcd8 31. Bc2 Bxc3 32. Ra3 Rxe3 33. Bxe3 Be5 34. Ra7 Qb8 35. g3 Qb2 36. Ba4 Qb1+ 37. Kh2 Bd6 38. Bc6 h5 39. Bd5 Bxd5 40. exd5 Qf5 41. Qxf5 gxf5 42. Ra5 h4 43. Kg2 hxg3 44. fxg3 f6 45. Kf3 Kf7 46. g4 fxg4+ 47. hxg4 Kg6 48. Ke4 Bc7 49. Ra6 Re8+ 50. Re6 Ra8 51. g5 Ra4+ 52. Kf3 Bd8 53. Re8 Bc7 54. Re6 Bd8 55. Re8 Bc7 56. gxf6 Kxf6 57. Re6+ Kf5 58. Re8 Bd6 59. Re6 Bc7 60. Rc6 Be5 61. Rc8 1/2-1/2